Visualizzazione normale
Vista MARC
- Pook Jocelyn
di Personal Name
Records bibliografici associati: 1
001 - CONTROL NUMBER
- control field: 35595
003 - CONTROL NUMBER IDENTIFIER
- control field: IT-RoPau
005 - DATE AND TIME OF LATEST TRANSACTION
- control field: 20150727123653.0
008 - FIXED-LENGTH DATA ELEMENTS
- fixed length control field: 150727|| aca||aabn | a|a d
040 ## - CATALOGING SOURCE
- Original cataloging agency: IT-RoPau
- Transcribing agency: IT-RoPau
100 ## - HEADING--PERSONAL NAME
- Personal name: Pook Jocelyn
- Relator term: (musica)
- Miscellaneous information: Codice Musica SPICS: 57469
670 ## - SOURCE DATA FOUND
- Source citation: Work cat.: (IT-RoPau)106434: N.d. 35592, SANTI E PECCATORI-3-ALLA GUIDA DELL'OCCIDENTE SANTI E PECCATORI-3-ALLA GUIDA DELL'OCCIDENTE (Rif. Codice opera principale : H3902)